000 00244nam a22001097a 4500
008 180806b xxu||||| |||| 00| 0 eng d
082 _a813.52
245 _aWorld History
_cEllis
300 _a1
_fCD
440 _x9780131333840
942 _2ddc
_cMX
999 _c46814
_d46814